000 00578nam a2200145 i 4500
001 101572
003 ES-MaACL
007 t|
008 051020s1920 xxu ||||1| spa d
245 0 0 _aMediación del Honorable Secretario de Estado de los Estados Unidos, en la controversia de límites entre la República de Nicaragua y la República de Honduras
_b: alegato de parte de Nicaragua preparado por Don Diego Manuel Chamorro.
260 _aWashington :
_b[s.n.],
_c1920.
300 _a3 v. ;
_c24 cm.
700 1 _aChamorro, Diego Manuel.
_937885
852 _aES-MaACL
_jG-6812-4
999 _c101572
_d101572